La revolución dietética del Dr. Atkins : (Registro nro. 14543)

Detalles MARC
000 -LIDER
fixed length control field 01001nam a2200301 a 4500
001 - NÚMERO DE CONTROL
Identificador de número de control 000023325
003 - IDENTIFICACDOR DE NÚMERO DE CONTROL
control field DO-SdBNP
005 - DATE AND TIME OF LATEST TRANSACTION
control field 20240126100444.0
008 - ELEMENTOS DE LONGITUD FIJA
fixed length control field 101202s2006 sp a r 000 | spa d
020 ## - ISBN
International Standard Book Number 8496546438
040 ## - FUENTE DE CATALOGACIÓN
Agencia que crea de manera original el registro DO-SdBNP
Idioma de catalogación spa
Agencia que realiza la transcripción BPMSU
082 ## - NÚMERO DE CLASIFICACIÓN DECIMAL DE DEWEY
Classification number 641.1
Item number A873n 2006
Edition number 22
100 1# - ASIENTO PRINCIPAL -- NOMBRE PERSONAL
Nombre personal Atkins, Robert C.
245 13 - MENCIÓN DE TITULO
Título La revolución dietética del Dr. Atkins :
Mención de responsabilidad Robert C. Atkins ; traducción Adolfo Martín.
260 ## - PUBLICACIÓN, DISTRIBUCIÓN, ETC. (PIE DE IMPRENTA)
Lugar de publicación, distribución, etc Barcelona :
Nombre del editor, distribuidor, etc. Ediciones B,
Fecha de publicación, distribución, etc 2006
300 ## - DESCRIPCIÓN FÍSICA
Extensión 661 p. ;
Dimensiones 23 cm.
490 1# - MENCIÓN DE SERIES
Mención de serie Divulgación
Volume/sequential designation 217
500 ## - NOTA GENERAL
Nota general Programa más probodo, efectivo y seguro para adelgazar y no volver a engordar
534 ## - NOTA SOBRE LA VERSIÓN ORIGINAL
Asiento principal del original Título original:
Mención del título original Dr. Atkins' New Diet Revolution.
586 ## - AWARDS NOTE
Awards note Best-Séller Mundial
590 ## - NOTA LOCAL
Texto de la nota local Inventariado, 2024/VM
650 #4 - ENCABEZAMIENTO DE MATERIA--TEMÁTICO
Término temático o nombre geográfico como elemento de entrada Alimentación
650 #4 - ENCABEZAMIENTO DE MATERIA--TEMÁTICO
Término temático o nombre geográfico como elemento de entrada Alimentos dietéticos.
650 #4 - ENCABEZAMIENTO DE MATERIA--TEMÁTICO
Término temático o nombre geográfico como elemento de entrada Dietas de reducción
700 1# - ASIENTO SECUNDARIO -- NOMBRE PERSONAL
Nombre personal Isern, Carolina
Mención de responsabilidad tr.
910 ## - VALIDACIÓN
Validación VMateo V. Control de calidad. BPMSU
942 ## - ADDED ENTRY ELEMENTS (KOHA)
Source of classification or shelving scheme Dewey Decimal Classification
Koha item type Libros
Existencias
Withdrawn status Lost status Source of classification or shelving scheme Damaged status Not for loan Collection code Home library Current library Date acquired Total Checkouts Full call number Barcode Date last seen Price effective from Koha item type
    Dewey Decimal Classification     Colección General Biblioteca Pública Metropolitana Salomé Ureña Biblioteca Pública Metropolitana Salomé Ureña 01/26/2024   BPMSU CG 641.1 A873n 2006 BPMSU24010043 01/26/2024 01/26/2024 Libros